[Event "Team junior-girls chess final 2016"]
[Site "Sochi"]
[Date "2016.05.10"]
[Round "10.2"]
[White "Shevchuk, Margarita"]
[Black "Podgornova, Anna"]
[Result "0-1"]
[WhiteElo "1583"]
[BlackElo "1744"]
[PlyCount "120"]
[EventDate "2016.05.01"]

1. e4 c5 2. Nf3 Nc6 3. d4 cxd4 4. Nxd4 g6 5. Nc3 Bg7 6. Be3 Nf6 7. f3 O-O 8. g4
d6 9. Qd2 a6 10. Bf2 Ne5 11. h4 h5 12. g5 Nfd7 13. O-O-O Nc5 14. Be2 Bd7 15.
Nd5 b5 16. Ne3 Rc8 17. Kb1 Na4 18. Rc1 Nb6 19. Rhf1 Nec4 20. Nxc4 Nxc4 21. Bxc4
Rxc4 22. Nb3 Kh7 23. Bd4 Bxd4 24. Nxd4 Qb6 25. Nb3 b4 26. e5 Rxh4 27. exd6 exd6
28. Rfd1 Bf5 29. Qxd6 Qxd6 30. Rxd6 Ra8 31. Nd4 Rf4 32. Rf1 Bh3 33. Rh1 Bf5 34.
Kc1 a5 35. Kd2 Re8 36. Rh2 Bc8 37. c3 bxc3+ 38. bxc3 Re5 39. Rg2 Bb7 40. Rd7
Bc8 41. Rd6 h4 42. Rd8 Ba6 43. Nc6 Rb5 44. Ke3 Rc4 45. Nd4 Rxc3+ 46. Kf4 Rb4
47. Rh2 Rc8 48. Rxh4+ Kg7 49. Rd6 Bc4 50. Nc6 Rxc6 51. Rxc6 Bd5+ 52. Ke5 Bxc6
53. Rxb4 axb4 54. f4 Kf8 55. Kd6 Be4 56. Kc5 Ke7 57. Kxb4 Ke6 58. Kc5 Kf5 59.
Kd6 Kxf4 60. a4 Kxg5 0-1

[Event "Team junior-girls chess final 2016"]
[Site "Sochi"]
[Date "2016.05.10"]
[Round "10.2"]
[White "Grunina, Margarita"]
[Black "Kirchei, Viktoriia"]
[Result "0-1"]
[WhiteElo "1621"]
[BlackElo "1570"]
[PlyCount "100"]
[EventDate "2016.05.01"]

1. e4 Nf6 2. e5 Nd5 3. d4 d6 4. c4 Nb6 5. exd6 cxd6 6. Nc3 g6 7. Nf3 Bg7 8. Be3
O-O 9. Rc1 Bg4 10. h3 Bxf3 11. Qxf3 Nc6 12. d5 Ne5 13. Qf4 Rc8 14. b3 a6 15.
Be2 Nbd7 16. O-O Nc5 17. Rfd1 f5 18. Qg3 Ned7 19. h4 Bxc3 20. Bxc5 Be5 21. f4
Rxc5 22. fxe5 dxe5 23. b4 Rc8 24. c5 f4 25. Qg4 Rf6 26. Bc4 Kg7 27. d6 exd6 28.
Be6 h5 29. Qh3 Qe7 30. cxd6 Qf8 31. Rxc8 Qxc8 32. Bxd7 Qc2 33. Qb3 Qe4 34. Qd3
Qxb4 35. Be8 f3 36. g3 f2+ 37. Kf1 Qg4 38. Qd5 e4 39. Qxb7+ Kh8 40. Qd5 Qh3+
41. Ke2 f1=Q+ 42. Rxf1 Qxf1+ 43. Kd2 Rf2+ 44. Kc3 Qc1+ 45. Kb4 Rb2+ 46. Ka5
Qc3+ 47. Kxa6 Qa3+ 48. Qa5 Qxd6+ 49. Ka7 Qb8+ 50. Ka6 Qa8# 0-1

[Event "Team junior-girls chess final 2016"]
[Site "Sochi"]
[Date "2016.05.10"]
[Round "10.2"]
[White "Bezenkina, Ekaterina"]
[Black "Surovtseva, Alisa"]
[Result "0-1"]
[WhiteElo "1380"]
[BlackElo "1574"]
[PlyCount "98"]
[EventDate "2016.05.01"]

1. e4 e5 2. Nf3 Nc6 3. Nc3 Nf6 4. d4 exd4 5. Nxd4 Bb4 6. Nxc6 bxc6 7. Bd3 O-O
8. O-O Re8 9. Bg5 h6 10. Bh4 g5 11. Bg3 Bxc3 12. bxc3 Nxe4 13. Bxe4 Rxe4 14.
Qh5 Re6 15. Rfe1 Qe7 16. f3 Qc5+ 17. Kh1 Qxc3 18. h4 Qg7 19. Rad1 d6 20. f4
gxf4 21. Bxf4 Rf6 22. Re8+ Kh7 23. Qf3 Bg4 24. Qe4+ Bf5 25. Qe3 Rxe8 26. Qxe8
Re6 27. Qxc6 Be4 28. Qxe4+ Rxe4 29. g3 Qg4 30. Rf1 Rxf4 31. gxf4 Qxh4+ 32. Kg1
Kg6 33. Rf2 Kf5 34. Kg2 Qxf2+ 35. Kxf2 Kxf4 36. c4 Ke4 37. a4 a5 38. c5 dxc5
39. Ke2 h5 40. Kf2 c4 41. Ke2 c3 42. Kd1 Kd3 43. Kc1 c2 44. Kb2 Kd2 45. Kb3
c1=Q 46. Ka2 Qc4+ 47. Ka3 Qb4+ 48. Ka2 Kc2 49. Ka1 Qb2# 0-1